Peritonitis tuberculosa crónica de la segunda infancia (Record no. 24487)

MARC details
000 -LEADER
campo de control de longitud fija 00615nam a2200169 i 4500
001 - NÚMERO DE CONTROL
campo de control 24487
003 - IDENTIFICADOR DE NÚMERO DE CONTROL
campo de control ES-MaACL
005 - FECHA Y HORA DE LA ÚLTIMA TRANSACCIÓN
campo de control 20230906153046.0
007 - CAMPO FIJO DE DESCRIPCIÓN FÍSICA--INFORMACIÓN GENERAL
campo de control de longitud fija t|
008 - DATOS DE LONGITUD FIJA--INFORMACIÓN GENERAL
campo de control de longitud fija 021217s1906 sp ||||1| spa d
100 1# - ENTRADA PRINCIPAL--NOMBRE DE PERSONA
Nombre de persona Apaolaza y Azcárate, Francisco.
9 (RLIN) 22038
245 10 - MENCIÓN DEL TÍTULO
Título Peritonitis tuberculosa crónica de la segunda infancia
Resto del título : memoria del doctorado /
Mención de responsabilidad, etc. Francisco Apaolaza y Azcárate.
260 ## - PUBLICACIÓN, DISTRIBUCIÓN, ETC.
Lugar de publicación, distribución, etc. Vergara :
Nombre del editor, distribuidor, etc. [s.n.],
Fecha de publicación, distribución, etc. 1906 (
Fabricante Tip. de El Santisimo Rosario)
300 ## - DESCRIPCIÓN FÍSICA
Extensión 38 p. ;
Dimensiones 21 cm.
594 ## - Nota al título y mención de responsabilidad
Nota al título y mención de responsabilidad Precede al tit.: Facultad de Medicina de Madrid. Memoria del Doctorado.
852 ## - LOCALIZACIÓN
Ubicación ES-MaACL
Número de control de estantería T-1136-F-9
Holdings
Estatus retirado Estado de pérdida Estado de daño No para préstamo Colección Biblioteca de origen Biblioteca actual Ubicación en estantería Fecha de adquisición Fuente de adquisición Total de préstamos Signatura topográfica completa Código de barras Visto por última vez Precio de reemplazo Tipo de ítem Koha
        Colección de folletos Biblioteca del Ateneo de Madrid Biblioteca del Ateneo de Madrid Depósito folletos 17/01/2008     T-1136-F-9 1025247 23/02/2023 23/02/2023 Folleto